Pinto mi raya 1990-2001. Un breve recuento de casi 10 años de proyectos de arte conceptual aplicado (Record no. 567)
[ view plain ]
| 000 -LEADER | |
|---|---|
| campo de control de longitud fija | 00564nam a22001337a 4500 |
| 008 - DATOS DE LONGITUD FIJA--INFORMACIÓN GENERAL | |
| campo de control de longitud fija | 150508b xxu||||| |||| 00| 0 eng d |
| 082 ## - NÚMERO DE LA CLASIFICACIÓN DECIMAL DEWEY | |
| Número de clasificación | 707 |
| Número de ítem | L 616p |
| 100 ## - ENTRADA PRINCIPAL--NOMBRE DE PERSONA | |
| Nombre de persona | Lerma, Victor; Mayer, Monica |
| 9 (RLIN) | 2571 |
| 245 ## - MENCIÓN DEL TÍTULO | |
| Título | Pinto mi raya 1990-2001. Un breve recuento de casi 10 años de proyectos de arte conceptual aplicado |
| Mención de responsabilidad, etc. | Lerma, Victor; Mayer, Monica |
| 260 ## - PUBLICACIÓN, DISTRIBUCIÓN, ETC. | |
| Lugar de publicación, distribución, etc. | México |
| Nombre del editor, distribuidor, etc. | Pinto mi raya |
| Fecha de publicación, distribución, etc. | sf |
| 300 ## - DESCRIPCIÓN FÍSICA | |
| Extensión | 70 p. |
| Otras características físicas | ill. |
| Dimensiones | 21.5x28cm |
| 650 ## - PUNTO DE ACCESO ADICIONAL DE MATERIA--TÉRMINO DE MATERIA | |
| Subdivisión general | Educación-arte |
| -- | Arte conceptual |
| -- | Proyectos de arte conceptual aplicado |
| Subdivisión geográfica | México |
| 9 (RLIN) | 2572 |
| 700 ## - ENTRADA AGREGADA--NOMBRE PERSONAL | |
| Nombre de persona | Victor Lerma, Monica Mayer |
| 9 (RLIN) | 2573 |
| Estatus retirado | Estado de pérdida | Fuente del sistema de clasificación o colocación | Estado de daño | No para préstamo | Biblioteca de origen | Biblioteca actual | Ubicación en estantería | Fecha de adquisición | Total de préstamos | Signatura topográfica completa | Código de barras | Visto por última vez | Precio de reemplazo | Tipo de ítem Koha |
|---|---|---|---|---|---|---|---|---|---|---|---|---|---|---|
| Clasificación Decimal Dewey | Biblioteca LadoV | Biblioteca LadoV | 08/05/2015 | 707 L 616p | 000304 | 08/05/2015 | 08/05/2015 | Material 01 |
